00369pab a2200145 454500008004000000100002000040245004800060260000900108300001500117362000800132650002100140650001300161700002100174773002800195180718b2013 xxu||||| |||| 00| 0 eng d aSarangi, Arpita aA study on value profile of Indian managers c2013 ap.159-171. aOct aManagers - India aManagers aKartha, B. Sunil aJournal of Human Values